Responses for Show #7709 - Thursday, March 1, 2018

First regular-play game to end in a Tiebreaker Round.

Contestants

[<< previous game]

Sarah Norris, a technical writer and manager from Minneapolis, Minnesota

Scott Krzywonos, an editor from Levittown, Pennsylvania

Laura McLean, a data analyst from Nashville, Tennessee (whose 1-day cash winnings total $12,799)

[next game >>]

Jeopardy! Round responses

THAT'S ABOUT THE SIZE OF IT
FOOD FRANCHISES
HISTORIC TRIOS
MAILING IT IN
(Alex: All about stuff you can actually mail as-is if you put an address on it and a stamp.)
ERIN
GO "BRA"
    $200 21
Rhode Island

Scott
    $200 7
Dunkin' Donuts

Sarah
    $200 1
(Scott: Who is Mark Anthony?)

Caesar

ScottSarah
    $200 16
a brick

Sarah
    $200 30
Bewitched

Sarah
    $200 12
a candelabra

Sarah
    $400 22
India

Scott
    $400 2
pretzels

Laura
    $400 3
the Axis

Scott
    $400 17
a Frisbee

Sarah
    $400 26
(Laura: What is Bewitched?)
(Sarah: What is I Dream of Jeannie?)

Happy Days

LauraScottSarah
    $400 11
a zebra butterfly

Laura
    $600 23
Greenland

Sarah
    $600 8
Sonic

Scott
    $1,000 4
(Scott: What is the Pinta?)

the Niña

Scott
    $600 18
a piñata

Laura
    $600 27
the NFL

Scott
    $600 13
(Laura: What is Debra?)

Barbra

Laura
Triple Stumper
    $800 24
Chile

Laura
    $800 9
IHOP

Laura
    $800 5
the Bolsheviks

Sarah
    $800 19
(Scott: What is a pumpkin?)

a rock

ScottSarah
    $800 28
(Laura: Who is Erin Anderson?)

Erin Burnett

Laura
Triple Stumper
    $800 14
algebra

Laura
    $1000 25
Sweden

Sarah
    $1000 10
Popeyes

Sarah
    $1000 6
(Yasser) Arafat

Scott
    $1000 20
a coconut

Laura
    $1000 29
Canada

Triple Stumper
    $1000 15
a Sabra

Triple Stumper

Scores at the first commercial break (after clue 15):

Laura Scott Sarah
$1,800 $800 $2,400

Scores at the end of the Jeopardy! Round:

Laura Scott Sarah
$3,000 $1,600 $5,200

Double Jeopardy! Round responses

ALIMENTARY SCHOOL
14-LETTER WORDS
GETTING THE BAND BACK TOGETHER
SEEING THINGS DIFFERENTLY
SUCH NOVEL CHARACTERS
WE'LL TAKE YOUR MEASURE!
    $400 7
administrative

Laura
    $400 10
the Eagles

Laura
    $400 17
Zen

Laura
    $400 1
Don Quixote

Sarah
    $800 2
(Sarah: What is saliva?)

mucus membrane

Sarah
Triple Stumper
    $800 8
pasteurization

Sarah
    $800 11
Motown

Laura
    $800 18
a bubble

Sarah
    $800 6
Jo

Scott
    $800 25
(Alex: Less than a minute now.)

wind speed

Laura
    $1200 19
cholera

Sarah
    $1200 14
confidentially

Sarah
    $1200 9
Led Zeppelin

Laura
    $1200 20
a glass

Laura
    $1200 3
Porthos

Sarah
    $1200 23
electrical current

Triple Stumper
    $1,000 27
(Scott: What is the heart?)

the stomach

Scott
    $1600 15
stratification

Laura
    $1600 12
Simon & Garfunkel

Laura
    $1600 21
Oculus

Laura
    $1600 4
Thackeray

Scott
    $1600 24
diabetes

Sarah
    $2000 28
(Sarah: What is the esophagus?)
...
[The end-of-round signal sounds.]

the pharynx

Sarah
Triple Stumper
    $2000 16
predestination

Laura
    $2000 13
the Pixies

Sarah
    $2000 22
The Poisonwood Bible

Scott
    $3,000 5
(Scott: Who is the Man in the Iron Mask?)
...
(Alex: "You seek him here, you seek him there.")

the Scarlet Pimpernel

Scott
    $2000 26
fault lines

Scott

Scores at the end of the Double Jeopardy! Round:

Laura Scott Sarah
$15,000 $4,000 $11,600

[wagering suggestions for these scores]

Final Jeopardy! Round responses

EUROPEAN ISLANDS
(Alex: [To Laura] The correct response is, "What are [*]?" Guernsey, Jersey and those.)
ScottWhat are the Canary Islands?
$3,995
SarahWhat are the Faroe Islands
$4,801
LauraWhat the Shetland Islands
$8,201
the Channel Islands

Tiebreaker Round responses

WAY BACK IN 2017
(Theresa) May

Laura

Final scores:

Laura Scott Sarah
$6,799 $5 $6,799
2-day champion: $19,598 3rd place: $1,000 2nd place: $2,000

Game dynamics:

Coryat scores:

Laura Scott Sarah
$15,000 $9,000 $11,600
18 R,
3 W
11 R,
5 W
(including 3 DDs)
19 R,
3 W

Combined Coryat: $35,600

[game clues] [game scores] [suggest correction]

Game tape date: 2017-12-05
The J! Archive is created by fans, for fans. Scraping, republication, monetization, and malicious use prohibited; this site may use cookies and collect identifying information. See terms. The Jeopardy! game show and all elements thereof, including but not limited to copyright and trademark thereto, are the property of Jeopardy Productions, Inc. and are protected under law. This website is not affiliated with, sponsored by, or operated by Jeopardy Productions, Inc. Join the discussion at JBoard.tv.